[Event "Copenhagen K41 Sommer G"]
[Site "Copenhagen"]
[Date "2012.06.05"]
[Round "4"]
[White "Marthedal, Anton Mehmet Yildiz"]
[Black "Krogh, Soren"]
[Result "0-1"]
[WhiteElo "1080"]
[BlackElo "1204"]
[PlyCount "64"]
[EventDate "2012.05.17"]
[EventType "swiss"]
[EventRounds "5"]
[EventCountry "DEN"]
[SourceTitle "EXT 2023"]
[Source "ChessBase"]
[SourceDate "2022.10.05"]
[SourceVersion "1"]
[SourceVersionDate "2022.10.05"]
[SourceQuality "1"]

1. e4 e6 2. Nf3 d5 3. e5 c5 4. Be2 Nc6 5. 0-0 f6 6. Bb5 Bd7 7. Nc3 fxe5 8. Bxc6 Bxc6 9. Nxe5 Nf6 10. d3 Qc7 11. d4 Be7 12. Bg5 0-0 13. Ng4 c4 14. Qe2 Qd6 15. Rfe1 Bd7 16. Ne5 Be8 17. b3 b5 18. bxc4 bxc4 19. Rab1 a6 20. Qf3 Nd7 21. Qg4 Bxg5 22. Qxg5 Rf5 23. Qg3 Nf6 24. Nf3 Qa3 25. Nh4 Rh5 26. Rxe6 Rxh4 27. Rxf6 Rxd4 28. h3 Qe7 29. Rbb6 Rd2 30. Qd6 Qxf6 31. Qc7 Qxf2+ 32. Kh1 Qxg2# 0-1

[Event "Valby K41 Aabent-ch 1011"]
[Site "Valby"]
[Date "2011.02.08"]
[Round "8"]
[White "Krogh, Soren"]
[Black "Gjelstrup, Ole"]
[Result "0-1"]
[WhiteElo "1274"]
[BlackElo "1551"]
[PlyCount "74"]
[EventDate "2010.11.03"]
[EventType "swiss"]
[EventRounds "10"]
[EventCountry "DEN"]
[SourceTitle "EXT 2023"]
[Source "ChessBase"]
[SourceDate "2022.10.05"]
[SourceVersion "1"]
[SourceVersionDate "2022.10.05"]
[SourceQuality "1"]

1. b4 c6 2. Bb2 d5 3. Nf3 e6 4. e3 Nf6 5. a3 Bd6 6. c4 0-0 7. d3 Nbd7 8. Nbd2 Re8 9. Be2 Qe7 10. 0-0 e5 11. Rc1 c5 12. b5 Nb6 13. a4 a5 14. Rc2 Bf5 15. Qa1 Nbd7 16. cxd5 Nxd5 17. Nc4 Nb4 18. Rd2 Bc7 19. Ne1 Qg5 20. Qb1 e4 21. g3 h5 22. dxe4 Bxe4 23. Qd1 h4 24. g4 Nf6 25. f3 Bd5 26. Ng2 h3 27. f4 Nxg4 28. Bxg4 Qg6 29. f5 Qg5 30. b6 hxg2 31. Re1 Bxh2+ 32. Kxh2 Bxc4 33. Rd7 Rxe3 34. Rxe3 Qxe3 35. f6 Qf4+ 36. Kh3 gxf6 37. Rxb7 Qf1 0-1

[Event "Valby K41 Aabent-ch 1011"]
[Site "Valby"]
[Date "2010.11.03"]
[Round "1"]
[White "Krogh, Soren"]
[Black "Kokholm, Daniel"]
[Result "0-1"]
[WhiteElo "1274"]
[BlackElo "1808"]
[PlyCount "62"]
[EventDate "2010.11.03"]
[EventType "swiss"]
[EventRounds "10"]
[EventCountry "DEN"]
[SourceTitle "EXT 2023"]
[Source "ChessBase"]
[SourceDate "2022.10.05"]
[SourceVersion "1"]
[SourceVersionDate "2022.10.05"]
[SourceQuality "1"]

1. Nf3 f5 2. c4 d6 3. Nc3 e5 4. d3 Nf6 5. g3 c6 6. Bg2 Be7 7. 0-0 h6 8. Rb1 a5 9. a3 Be6 10. b4 axb4 11. axb4 Qd7 12. Na4 Bd8 13. Bd2 c5 14. b5 Ra7 15. h4 0-0 16. Nh2 f4 17. Re1 fxg3 18. fxg3 Nh5 19. Nf1 Qf7 20. Bf3 Qg6 21. Kh2 Rxf3 22. exf3 Qxd3 23. b6 Ra6 24. Nb2 Qg6 25. Be3 Be7 26. Qb3 Nd7 27. Na4 e4 28. Bf2 Ne5 29. Nd2 exf3 30. Kg1 Nxg3 31. Re3 Ne4+ 0-1

[Event "Valby K41 op 0910"]
[Site "Valby"]
[Date "2010.01.05"]
[Round "4"]
[White "Krogh, Soren"]
[Black "Gjelstrup, Ole"]
[Result "0-1"]
[WhiteElo "1183"]
[BlackElo "1438"]
[PlyCount "116"]
[EventDate "2009.11.03"]
[EventType "swiss"]
[EventRounds "9"]
[EventCountry "DEN"]
[SourceTitle "EXT 2018"]
[Source "ChessBase"]
[SourceDate "2017.10.13"]
[SourceVersion "1"]
[SourceVersionDate "2017.10.13"]
[SourceQuality "1"]

1. b3 e5 2. Bb2 Nc6 3. e3 d6 4. Bb5 Bd7 5. Ne2 a6 6. Bxc6 Bxc6 7. 0-0 Qg5 8. f3 f5 9. Qe1 Be7 10. Qg3 Qh6 11. Na3 Nf6 12. c4 Rg8 13. Rad1 g5 14. Nc2 g4 15. f4 Ne4 16. Qe1 Bh4 17. Ng3 Bxg3 18. hxg3 exf4 19. exf4 0-0-0 20. d3 Nc5 21. Nb4 Bxg2 22. Kxg2 Qh3+ 23. Kg1 Rg6 24. Qf2 Re8 25. Bd4 Rh6 26. Qg2 Re2 27. Bf2 Qh5 28. Rb1 Ne6 29. Rfe1 Nd4 30. Rxe2 Nxe2+ 31. Kf1 Qh1+ 32. Bg1 Nxg1 33. Qxh1 Rxh1 34. Kg2 Rh3 35. Rxg1 Kd7 36. d4 c6 37. Re1 Rh6 38. d5 c5 39. Nd3 Rf6 40. a3 h5 41. b4 b6 42. b5 a5 43. a4 Rh6 44. Ne5+ dxe5 45. fxe5 Rh7 46. Kf2 Ke7 47. Ke3 h4 48. Kf4 h3 49. Kxf5 h2 50. Rh1 Rf7+ 51. Kxg4 Rf2 52. Re1 Re2 53. Rf1 Rxe5 54. Kf4 Re2 55. g4 Rf2+ 56. Rxf2 h1Q 57. g5 Qh4+ 58. Kf5 Qxf2+ 0-1

[Event "Valby K41 op 0910"]
[Site "Valby"]
[Date "2009.11.03"]
[Round "1"]
[White "Weber, John"]
[Black "Krogh, Soren"]
[Result "1-0"]
[WhiteElo "1776"]
[BlackElo "1183"]
[PlyCount "81"]
[EventDate "2009.11.03"]
[EventType "swiss"]
[EventRounds "9"]
[EventCountry "DEN"]
[SourceTitle "EXT 2018"]
[Source "ChessBase"]
[SourceDate "2017.10.13"]
[SourceVersion "1"]
[SourceVersionDate "2017.10.13"]
[SourceQuality "1"]

1. f4 e5 2. fxe5 d6 3. exd6 Bxd6 4. Nf3 g5 5. g3 g4 6. Nh4 Ne7 7. Bg2 Ng6 8. Nxg6 fxg6 9. d4 Nc6 10. e4 Qe7 11. c3 Qg7 12. 0-0 h5 13. Bg5 Be7 14. Bxe7 Qxe7 15. e5 Bf5 16. Qb3 0-0-0 17. Na3 h4 18. Rae1 hxg3 19. hxg3 Rh5 20. Qb5 Bd7 21. Qe2 Bf5 22. Nc4 Rdh8 23. Ne3 Qh7 24. Nxg4 Bxg4 25. Qxg4+ Rf5 26. Rxf5 gxf5 27. Qg5 Ne7 28. Kf2 Qf7 29. Qf6 Qf8 30. Rh1 Rg8 31. Qxf8+ Rxf8 32. Rh7 Ng6 33. Rg7 Nh8 34. Bd5 Re8 35. Kf3 c6 36. Bb3 a5 37. Kf4 Rf8 38. Rg8 Rxg8 39. Bxg8 Ng6+ 40. Kg5 Ne7 41. Be6+ 1-0

[Event "Valby K41 op 0607"]
[Site "Valby"]
[Date "2007.02.06"]
[Round "7"]
[White "Jorgensen, Orla Eilegaard"]
[Black "Krogh, Soren"]
[Result "0-1"]
[WhiteElo "1459"]
[BlackElo "1183"]
[PlyCount "52"]
[EventDate "2006.11.14"]
[EventType "swiss"]
[EventRounds "9"]
[EventCountry "DEN"]
[SourceTitle "EXT 2018"]
[Source "ChessBase"]
[SourceDate "2017.10.13"]
[SourceVersion "1"]
[SourceVersionDate "2017.10.13"]
[SourceQuality "1"]

1. e4 e5 2. Nc3 Nc6 3. f4 exf4 4. Nf3 g5 5. h3 Bg7 6. d4 d6 7. Be2 Nh6 8. Qd3 a6 9. a3 b5 10. b4 0-0 11. Bd2 Kh8 12. h4 g4 13. Ng1 Qf6 14. 0-0-0 Nxd4 15. Rf1 Ne6 16. Qd5 Bd7 17. Bd1 a5 18. Nge2 axb4 19. axb4 Ra1+ 20. Kb2 Rfa8 21. Nxf4 R8a2+ 22. Qxa2 Rxa2+ 23. Kxa2 Qd4 24. Be1 Nxf4 25. Rxf4 Qe3 26. Nd5 Qa7+ 0-1